000
00335nam a2200145Ia 4500
008
191201s2012 xx 000 0 und d
082
_a
621.43
_b
GAI
100
_a
GANESAN, V
245
0
_a
Internal Combustion Engines
250
_a
Rep
260
_a
N.Delhi
_b
TMH
_c
2012
300
_a
729
650
_a
B.Tech(ME)
942
_2
ddc
_c
BK
_0
19
999
_c
5629
_d
5629